[Event "INDIAN OPEN (superfast Ko)#2"]
[Site "SchemingMind.com"]
[Date "2015.02.25"]
[Round "-"]
[White "Evans9EN"]
[Black "Ramesh Panwar"]
[Result "1/2-1/2"]
[WhiteCountry "WLS"]
[BlackCountry "IND"]
[WhiteElo "1966"]
[WhiteRD "79"]
[BlackElo "2329"]
[BlackRD "52"]
[GameID "375044"]

1. e4 e5 2. Nf3 Nc6 3. Bb5 a6 4. Ba4 b5 5. Bb3 Bb7 6. O-O Be7 7. c3 Nf6 8. d4 d6 9. Re1 O-O 10. Nbd2 exd4
11. cxd4 Nb4 12. Qe2 c5 13. a3 Nc6 14. dxc5 dxc5 15. e5 Nd7 16. e6 fxe6 17. Qxe6+ Kh8 18. Bd5 Nd4 19. Nxd4 Bxd5 20. Qxd5 cxd4
21. Nf3 Nc5 22. Qxd8 Bxd8 23. Nxd4 Nd3 24. Re2 Bf6 25. Be3 Rfd8 26. Ne6 Bxb2 27. Rd1 Nc1 28. Nxd8 Nxe2+ 29. Kf1=
1/2-1/2

[Event "INDIAN OPEN (superfast Ko)#2"]
[Site "SchemingMind.com"]
[Date "2015.02.23"]
[Round "-"]
[White "Ramesh Panwar"]
[Black "Evans9EN"]
[Result "1-0"]
[WhiteCountry "IND"]
[BlackCountry "WLS"]
[WhiteElo "2329"]
[WhiteRD "52"]
[BlackElo "1966"]
[BlackRD "79"]
[GameID "375045"]

1. d4 Nf6 2. c4 e6 3. Nf3 b6 4. Nc3 Bb7 5. a3 d5 6. cxd5 Nxd5 7. Bd2 Nd7 8. e3 Be7 9. Bd3 O-O 10. O-O c5
11. Rc1 cxd4 12. Nxd5 Bxd5 13. exd4 Bd6 14. Qe2 Rc8 15. Bg5 f6 16. Bd2 Rxc1 17. Rxc1 Qa8 18. Ne1 Re8 19. Bb5 Re7 20. Qf1 e5
21. Nc2 exd4 22. Nxd4 Ne5 23. Nf5 Re6 24. Bc3 Bf8 25. b4 a6 26. Bxa6 Bxg2 27. Qxg2 Qxa6 28. Bxe5 fxe5 29. Qd5 b5 30. Rc7 Kh8
31. Qd8 Rf6 32. Rc8 h6 33. Qd7 Rg6+ 34. Kf1 Qxa3 35. Rxf8+ Kh7 36. Ng3 Qc1+ 37. Kg2 Qc6+ 38. Qxc6 Rxc6 39. Rb8 Kg6 40. Rxb5
1-0